000 00470nam a2200157 i 4500
001 55622
003 ES-MaACL
005 20230906163200.0
007 t|
008 030924s1905 fr ||||1| fre d
100 1 _aDesjardins, Paul.
_943886
245 1 0 _aCatholicisme et critique
_b: reflexions d'un profane sur l'affaire Loisy /
_cPaul Desjardins.
260 _aParis :
_bCahiers de la Quinzaine,
_c[1905]
300 _a131 p. ;
_c19 cm.
852 _aES-MaACL
_jF-11209
999 _c55622
_d55622